Logo CIB grande

AQUATIC BIOENVIRONMENTAL STUDIES: THE HANFORD EXPERIENCE 1944-84 (Registro nro. 233880)

Detalles MARC
000 -LEADER
campo de control de longitud fija 00522nam a2200205Ia 4500
005 - FECHA Y HORA DE LA ÚLTIMA TRANSACCIÓN
campo de control 20250425162648.0
008 - DATOS DE LONGITUD FIJA--INFORMACIÓN GENERAL
campo de control de longitud fija 250425s9999 xx 000 0 und d
020 ## - NÚMERO INTERNACIONAL ESTÁNDAR DEL LIBRO
Número Internacional Estándar del Libro 044886532
041 ## - CÓDIGO DE IDIOMA
Código de lengua del texto/banda sonora o título independiente eng
082 ## - NÚMERO DE LA CLASIFICACIÓN DECIMAL DEWEY
Número de clasificación 628.168
010 ## - NÚMERO DE CONTROL DE LA BIBLIOTECA DEL CONGRESO
Número de control de LC 95085
100 ## - ENTRADA PRINCIPAL--NOMBRE DE PERSONA
Nombre de persona BECKER, C.D.
245 #0 - MENCIÓN DEL TÍTULO
Título AQUATIC BIOENVIRONMENTAL STUDIES: THE HANFORD EXPERIENCE 1944-84
250 ## - MENCION DE EDICION
Mención de edición S.E
260 ## - PUBLICACIÓN, DISTRIBUCIÓN, ETC.
Lugar de publicación, distribución, etc. Estados Unidos
Nombre del editor, distribuidor, etc. ELSEVIER SCIENCE
Fecha de publicación, distribución, etc. 1990
260 ## - PUBLICACIÓN, DISTRIBUCIÓN, ETC.
Lugar de publicación, distribución, etc. NEW YORK
300 ## - DESCRIPCIÓN FÍSICA
Extensión 306
650 ## - PUNTO DE ACCESO ADICIONAL DE MATERIA--TÉRMINO DE MATERIA
Término de materia o nombre geográfico como elemento de entrada CONTAMINACION AMBIENTAL
942 ## - ELEMENTOS DE ENTRADA SECUNDARIOS (KOHA)
Tipo de ítem Koha Libros
Existencias
Estatus retirado Estado de pérdida Estado de daño No para préstamo Biblioteca de origen Biblioteca actual Fecha de adquisición Coste, precio normal de compra Total de préstamos Código de barras Copia número
        CENTRO NACIONAL DE INVESTIGACIONES MARINAS CENTRO NACIONAL DE INVESTIGACIONES MARINAS 29/09/2015 50.00   65385 1

Copyright 2025 ESPOL. Todos los derechos reservados.